00645nam a2200181 i 450000100060000000300090000600500170001500700030003200800410003510000280007624500990010426000340020330000220023770000330025985200320029299900170032495201220034121063ES-MaACL20230906152418.0t|021121s1967 sp ||||1| spa d1 aAgazzi, Evandro.91853813aLa lógica simbólica / cEvandro Agazzi ; traducción y prólogo de J. Pérez Ballestar. aBarcelona : bHerder, c1967. a355 p. ; c22 cm.1 aPérez Ballestar, J.990651 aES-MaACLjC-31779 bR.62086 c21063d21063 00104070aATENEOMbATENEOMcDEPO2d2008-01-17eSCl0oC-31779p1021636r2023-02-23 00:00:00w2023-02-23yMONOGRAFIA